Lapin kunnat - Äkkikuolema - Statistics

Yleistilastot
  • Tätä visaa on pelattu 564 kertaa
    563 viimeisimmän päivityksen jälkeen
  • Keskiarvotulos 13 / 21
Answers on the Grid
Answers color-coded by a green-red scale on the quiz's grid according to % correct below.
Enontekiö
Haaparanta
Inari
Kemi
Kemijärvi
Kemijoki
Keminmaa
Kilpisjärvi
Kirkkoniemi
Kittilä
Kolari
Koutokeino
Kuusamo
Lemmenjoki
Lokka
Muhos
Muonio
Nuorgam
Pajala
Pelkosenniemi
Pello
Petsamo
Posio
Pudasjärvi
Puolanka
Rajakoski
Ranua
Rovaniemi
Salla
Savukoski
Simo
Sodankylä
Suomussalmi
Taivalkoski
Tervola
Tornio
Utsjoki
Vuotso
Ylitornio
Ylläs
 
Vastaustilastot
Vastaus % Oikein
Enontekiö
89%
Kemi
76%
Kemijärvi
74%
Inari
72%
Kittilä
67%
Keminmaa
65%
Kolari
61%
Muonio
61%
Pello
60%
Salla
58%
Utsjoki
58%
Rovaniemi
57%
Pelkosenniemi
53%
Sodankylä
53%
Tornio
53%
Simo
52%
Ylitornio
51%
Savukoski
50%
Posio
49%
Tervola
49%
Ranua
47%
Ehtoja vastaavia visoja ei löytynyt
Tulosjakauma
Jokaisen tuloksen saaneiden osuus
Persentiili vastausten määrän mukaan
Tuloshistoriasi
Et ole pelannut tätä visaa sen viimeisimmän päivityksen jälkeen